[Event "Goodricke op 12th"]
[Site "Kolkata"]
[Date "2001.02.07"]
[Round "2"]
[White "Vladimirov, Yevgeniy"]
[Black "Rahman, Ziaur"]
[Result "1-0"]
[WhiteElo "2612"]
[BlackElo "2447"]
[Annotator "Ribli,Z"]
[PlyCount "120"]
[EventDate "2001.02.06"]
[EventType "swiss"]
[EventRounds "11"]
[EventCountry "IND"]
[SourceTitle "CBM 082"]
[Source "ChessBase"]
[SourceDate "2001.05.17"]
[SourceVersion "1"]
[SourceVersionDate "2001.05.17"]
[SourceQuality "1"]

1. c4 b6 {Diese früher vor allem von GM Miles gerne gewählte Variante ist in
jüngster Zeit wieder populär geworden.} 2. Nc3 {Meiner Meinung nach stellt 2.
d4 e6 3.a3 (gerichtet gegen die Fesslung Bb4) die beste Spielweise für Weiß
dar.} e6 3. e4 Bb7 4. Nge2 {Diese Zug wird selten gespielt. Die Hauptidee
dieses Aufbaus ist, im Falle von 4...Bb4 mit 5.a3 zu antworten.} Nf6 (4... Bb4)
5. Ng3 (5. e5 Ng8 (5... Ng4 6. d4 Qh4 7. Ng3 Bb4 8. h3 Nh6 9. a3 Bxc3+ 10. bxc3
Nf5 11. Qh5 Qxh5 12. Nxh5 O-O 13. a4 d6 14. exd6 cxd6 15. a5 Rc8 16. f3 bxa5
17. Rxa5 Nd7 18. Kf2 Nb6 {1/2-1/2 Plachetka,J-Kengis,E/Aaland-Stockholm 1997/
EXT 98 (18)}) 6. d4 d6 7. Qa4+ Bc6 (7... Qd7 8. Nb5 Na6 9. Be3 dxe5 10. O-O-O
c6 11. Nbc3 exd4 12. Nxd4 Nf6 13. Be2 Qc7 14. Bf3 Rc8 15. Kb1 Bc5 16. Ncb5 Qb8
17. Nxc6 $16 {1/2-1/2 Lewis,A-Plaskett,J/Birmingham ENG 2001/(55)}) 8. Qc2 dxe5
9. Be3 Nf6 10. h3 Bb4 11. O-O-O Bxc3 12. Nxc3 exd4 13. Bxd4 Qe7 14. f4 O-O 15.
Bd3 $13 {0-1 Lewis,A-Dineley,R/England 2000/EXT 2001 (31)}) 5... h5 {Dieser
zweischneidige Zug ist - meiner Meinung nach - zu optimistisch. Die
Fortsetzung 5...c5 scheint mir logischer.} (5... c5 $5 6. d3 (6. e5 Ng8 7. d3
d6 8. exd6 Bxd6 9. Be3 Nc6 10. Be2 Nge7 11. Bf3 Be5 12. Qd2 O-O 13. O-O-O Qd7
14. Nh5 Rad8 15. Bf4 Bxc3 16. bxc3 f6 17. Bg4 Ng6 18. Bh3 Qf7 19. Qe2 Rfe8 20.
Bg3 e5 21. Rhe1 Kh8 22. Kb2 Nf4 23. Nxf4 exf4 24. Be6 Qc7 25. Bh4 Bc8 26. Qg4
Ne5 $17 {1-0 Miezis,N-Ehlvest,J/Tallinn EST 2001/(40)}) (6. Be2 Nc6 7. O-O g6
8. f4 d6 9. d3 Bg7 10. Be3 O-O 11. Bf3 Qd7 12. Nge2 a6 13. Bf2 Rac8 14. Rc1 b5
15. cxb5 axb5 16. Nxb5 Nb4 17. a4 Ba6 $44 {0-1 Kortschnoj,V-King,D/Oviedo 1992/
TD (34)}) 6... Nc6 7. f4 h5 8. e5 h4 9. Nge4 Nxe4 10. Nxe4 d6 11. exd6 Bxd6 12.
Be3 Be7 13. Qa4 O-O 14. O-O-O Nd4 15. Rd2 f5 16. Nc3 a6 17. Qd1 b5 $15 {
0-1 Miezis,N-Svidler,P/Tallinn EST 2001/(41)}) 6. h4 {Natürlich kann Weiß sich
gegen 6...h4 verteidigen.} Bd6 7. d3 Bxg3 8. fxg3 {Die weiße Bauernstruktur
ist schwach, doch dafür hat er das Läuferpaar. Zudem steht der Bb7 aufgrund
der Bauernkette d3-e4 etwas passiv} d6 (8... Qe7 9. Be2 Nc6 10. Bg5 O-O-O 11.
Qd2 Kb8 12. O-O-O Qc5 13. d4 Qf8 14. e5 Ng4 15. Bxg4 hxg4 16. Bxd8 Qxd8 17.
Rhf1 $16 {0-1 Byway,P-Smith,A/Southport 1983/EXT 99/(37)}) 9. Be2 (9. Bg5 Nc6
10. Qd2 $14) 9... Nc6 10. Bg5 {[%csl Gg5] Der schwarzfeldrige Läufer ist der
Stolz der weißen Stellung.} Qd7 (10... Nd4 11. Rf1 Qd7 12. Bxf6 (12. Rxf6 $6
Nxe2 (12... gxf6 $2 13. Bxf6 Nxe2 14. Bxh8 $18)) 12... gxf6 13. Bxh5 $16) 11.
d4 {Weiß hat das Läuferpaar und spürbar Übergewicht im Zentrum. Doch die
schwarze Stellung ist solide, es gibt in ihr keine echten Schwächen.} (11. Bxf6
$6 gxf6 12. Bxh5 O-O-O $44 {[%cal Gd8g8,Gg8g2] Weiß hat zwar einen Bauern mehr,
aber Schwarz kann auf der halboffenen g-Linie starkes Gegenspiel aufziehen.})
11... Nh7 12. Be3 (12. Bxh5 $4 Nxg5 13. hxg5 g6 $19) 12... g6 13. Qd2 (13. g4
hxg4 14. Bxg4 Nf6 15. Bf3 $14) 13... O-O-O 14. O-O-O {Es ist durchaus
untypisch für die Englische Eröffnung, dass beide Seiten die lange Rochade
wählen.} Ne7 $1 $13 {Damit öffnet Schwarz die Diagonale des Bb7 und verbessert
seine Springerstellung.} (14... f5 15. Bf3 $14 (15. exf5 exf5 16. d5 Ne5 17.
Nb5 Kb8 18. Nd4 Nf6 $132) (15. d5 $13 Ne5)) 15. Qc2 f5 16. Bf3 (16. exf5 $6
Nxf5 $15) 16... fxe4 17. Nxe4 d5 (17... Nf5 $5 {[%csl Gf5][%cal Gb7g2]}) 18.
cxd5 (18. Nd2 Nf5 $15) 18... Nxd5 (18... exd5 19. Ng5 Nf5 20. Bf4 Nxg5 21. Bxg5
Rde8 $15) 19. Bd2 a5 {Schwarz bereitet den Zug 20...Nb4 vor.} 20. a3 Bc6 $6 (
20... Kb8 $13) (20... Rhf8 $5 $13) 21. Kb1 Ba4 {Schwarz provoziert die
Schwächung der weißen Königsstellung.} 22. b3 Bb5 (22... Bc6 23. Rc1 $14) 23.
Nc3 $1 $14 {[%csl Rg6][%cal Rc2g6] Nun verschafft sich Weiß die Initiative.
Der Pg6 hängt, und das weiße Läuferpaar wird aktiviert.} Nxc3+ (23... Bc6 24.
Nxd5 Bxd5 25. Rc1 Kb7 26. Bf4 $16) 24. Bxc3 Nf6 (24... Qd6 25. a4 Be8 26. d5 e5
27. Rhe1 $16 {[%csl Re5]}) 25. d5 $1 {[%csl Gc3,Gf3][%cal Rc3h8,Gf3a8][%mdl 64]
Dieser Zug ist nützlich (sonst kann Schwarz seine Stellung mit 24...Nd5
konsolidieren) und gut.} (25. a4 $5 Ba6 (25... Bc6 $6 26. d5 $16) 26. d5) 25...
Rhf8 (25... Nxd5 26. Bxh8 Rxh8 27. Bxd5 exd5 28. Qxg6 $16) 26. Qxg6 (26. Bxf6
Rxf6 27. dxe6 Qxe6 28. Bb7+ Kxb7 29. Rxd8 Qe7 $132 {[%cal Re7d8,Re7a3] Weiß
hat eine Qualität mehr, dafür aber verliert er den Pa3, zudem wird seine
Königsstellung und seine Bauernstruktur geschwächt}) 26... Nxd5 27. Bb2 a4 (
27... Rg8 28. Qxh5 Rxg3 29. Qe5 $16 {[%csl Gh4]}) (27... Rxf3 28. gxf3 Be2 29.
Rd2 Bxf3 30. Rc1 $14) 28. b4 Qc6 (28... Rg8 29. Qxh5 Rxg3 30. Qe5 $16) (28...
Rxf3 29. gxf3 Be2 30. Rd2 Bxf3 31. Rc1 $14) 29. Rc1 Qd6 30. Qxh5 (30. Rhd1 Be8
31. Qe4 $14) 30... Rf5 (30... Qxg3 31. Be5 $18 {[%csl Rc7][%cal Rc1c7]}) (30...
Bd3+ 31. Ka1 $16) 31. Qh6 $16 {Weiß hat einen Mehrbauern, seine Freibauern auf
der g- und h-Linie sind sehr gefährlich.} Kb8 32. g4 Rf7 33. Rhd1 {[%cal Gc1c7,
Gd1d8]} Rfd7 34. Ka1 {Dieser prophylaktische Zug ist immer nüztlich - der
weiße König hat ein sicheres Feld auf a1.} Qe7 35. Re1 {[%cal Ge1e7]} (35. Be5
$16) (35. g5 $16) 35... Rd6 36. Qg7 Qxh4 (36... Qxg7 37. Bxg7 $18 {[%csl Gh4]})
37. Bxd5 R8d7 (37... Rxd5 38. Qxc7+ Ka8 39. Qxb6 $18) (37... R6d7 38. Qf6 $18)
38. Qf8+ Rd8 39. Qg7 {In Zeitnot verschafft sich Weiß etwas Luft durch
Zugwiederholung.} (39. Qf6 $18) 39... R8d7 40. Qf8+ Rd8 41. Qf6 $1 {Die
Zeitnot ist überstanden - nach diesem Damentausch gewinnt Weiß die Qualität
und die Partie.} Qxf6 42. Bxf6 exd5 43. Bxd8 $18 {[%mdl 1024]} Rxd8 44. Re7 Bc4
(44... c6 45. g5 $18 (45. Rh1 d4 46. Rhh7 (46. Kb2 $18) 46... d3 (46... Ba6)
47. Rb7+ Ka8 48. Rbd7 $5 (48. Ra7+ Kb8 49. Rhb7+ Kc8 50. Ra8+ Kxb7 51. Rxd8 Kc7
52. Rd4 c5 53. bxc5 bxc5 54. Rd5 Kc6 55. Rd8 Kc7 $11) 48... Rxd7 49. Rxd7 c5
50. Rf7 d2 51. Rf8+ Kb7 52. Rd8 $18)) 45. Rce1 {Es droht 46.Re8 mit Turmtausch.
} Kb7 46. Rh1 {[%cal Rh1h7,Rh7b7]} Rf8 47. g5 (47. Rhh7 $18) 47... Rf2 48. g6 {
[%csl Gg6] Der weiße g-Bauer muss die Partie einfach entscheiden.} Ra2+ 49. Kb1
Rxg2 50. g7 b5 (50... d4 51. Rh4 Ba2+ 52. Kc1 d3 53. Rd4 Rc2+ 54. Kd1 Rc3 55.
Kd2 Rxa3 56. b5 $18) 51. Rh5 Kc6 (51... d4 52. Rc5 $18) 52. Rh6+ Kb7 53. Rd6 {
[%cal Rd6d8,Rd6d7,Rd7b7]} Bb3 54. Rd8 (54. Rdd7 $18) 54... d4 {Dieses
Bauernopfer ist erzwungen. Schwarz hat aber keine echte Verteidigung mehr,
durch das Opfer kann er das Ende der Partie nur hinauszögern.} 55. Rxd4 Rg1+
56. Kb2 Rg2+ 57. Kc3 Kb6 58. Rd8 Rg3+ 59. Kd2 Rg2+ 60. Ke3 Bc4 (60... Bc4 61.
Kf3 Rg1 62. Rb8+ Kc6 63. Rc8 $18) 1-0

[Event "United Insurance 5th"]
[Site "Dhaka"]
[Date "2001.03.04"]
[Round "13"]
[White "Miezis, Normunds"]
[Black "Rahman, Ziaur"]
[Result "1-0"]
[WhiteElo "2532"]
[BlackElo "2447"]
[Annotator "Ribli,Z"]
[PlyCount "55"]
[EventDate "2001.02.19"]
[EventType "tourn"]
[EventRounds "13"]
[EventCountry "BAN"]
[EventCategory "8"]
[SourceTitle "CBM 082"]
[Source "ChessBase"]
[SourceDate "2001.05.17"]
[SourceVersion "1"]
[SourceVersionDate "2001.05.17"]
[SourceQuality "1"]

1. c4 b6 {Der IM aus Bangladesh spielt gerne diesen Aufbau.} 2. Nc3 e6 3. e4
Bb7 4. Nge2 {GM Miezis scheint einer noch ganz frischen Partie zu folgen -
denn diese (seltene) Spielweise findet sich auch in der nur ein paar Wochen
älteren Partie Vladimirov,E - Rahman,Z Goodricke 12th Open 2001.} g6 {Schwarz
möchte auch seinen zweiten Läufer fianchettieren. Aber dieser Plan ist zu
optimistisch und nimmt viel Zeit in Anspruch.} (4... Bb4 5. a3 Bxc3 6. Nxc3 Ne7
7. d4 f5 8. Qh5+ g6 9. Qh6 Kf7 10. Bd3 Nbc6 11. Be3 Ng8 12. Qf4 Nf6 13. Be2 h6
14. exf5 gxf5 15. d5 Ne7 16. O-O-O {1-0 Koehler,G-Thiele,E/Germany 1993/GER 
(37)}) (4... f5 5. exf5 exf5 6. Nf4 (6. d4 Nf6 7. Qd3 Be4 8. Qd2 Bb4 9. a3 Bxc3
10. Nxc3 Qe7 11. Kd1 O-O 12. f3 Bb7 13. Bd3 Nc6 14. Re1 Qf7 15. d5 Nd4 {
1/2-1/2 Miezis,N-Ward,C/Port Erin 1998/CBM 67 ext (57)}) 6... Nf6 7. Be2 Bd6 8.
d4 O-O 9. O-O Nc6 10. c5 Bxf4 11. Bxf4 Ne7 12. Bf3 Ne4 13. Re1 Ng6 14. Bxe4
Bxe4 15. Nxe4 Nxf4 16. Nc3 Qg5 17. Qf3 c6 18. cxb6 axb6 19. d5 Qg4 20. Qxg4
fxg4 21. dxc6 {1/2-1/2 Miezis,N-Czebe,A/Baden 2000/EXT 2001 (21)}) (4... Ne7 5.
g3 d5 6. exd5 exd5 7. Bg2 c6 8. cxd5 Nxd5 9. Nxd5 cxd5 10. O-O Nd7 11. Nf4 Nf6
12. Re1+ Be7 13. Qe2 {1/2-1/2 Miezis,N-Gerber,R/Geneve 1999/CBM 68 ext (95)})
5. g3 {GM Miezis bevorzugt diesen Aufbau auch gegen die Englische Eröffnung.} (
5. d4 Bg7 6. g3 Ne7 7. Bg2 O-O 8. O-O f5 9. d5 Na6 10. Bg5 h6 11. Bxe7 Qxe7 12.
exf5 Qb4 13. fxe6 dxe6 14. Qd3 Nc5 15. Qxg6 Qxb2 16. Rab1 Qa3 17. dxe6 $14 {
1/2-1/2 Panno,O-Garcia Palermo,C/La Plata 1997/CBM 62 ext (35)}) 5... Bg7 6.
Bg2 Ne7 (6... c5 7. d4 cxd4 8. Nxd4 $14) 7. h4 O-O (7... h5 8. d4 $14) (7... h6
8. d4 $14) 8. h5 $36 {Weiß hat zwar noch keine konkreten Drohungen, aber seine
Initiative am Königsflügel ist unangenehm für Schwarz .} c5 (8... d5 {Eine
Grundregel besagt: Wenn der Gegner am Flügel spielt, muss man im Zentrum
Gegenspiel suchen.} 9. hxg6 hxg6 10. exd5 exd5 11. cxd5 (11. Nf4 Re8 12. O-O (
12. Kf1 c6 $11) 12... c6 $11) 11... Nxd5 12. Qb3 c6 13. Nxd5 cxd5 14. d4 Nc6
$11) 9. d3 Nbc6 10. g4 $5 {[%cal Ge2g3] Weiß räumt das Feld g3 für seinen
Springer.} Ne5 (10... f5 11. hxg6 hxg6 (11... Nxg6 12. gxf5 exf5 13. exf5 Rxf5
(13... Nh4 14. Be4 Nxf5 15. Rh5 $18 (15. Ng3 $18)) 14. Bd5+ Rxd5 (14... Kh8 15.
Be4 $18) 15. Nxd5 Nb4 16. Qb3 $16) 12. gxf5 gxf5 (12... exf5 13. Bg5 $16) 13.
Bg5 $16) 11. Ng3 f5 (11... d5 $5 12. exd5 exd5 13. f4 N5c6 14. Nxd5 (14. hxg6)
14... Nb4 $132) 12. hxg6 hxg6 (12... N7xg6 13. gxf5 Nh4 (13... exf5 14. Qh5
Nxd3+ 15. Kf1 $18) 14. Kf1 Nxg2 15. Qh5 $18) 13. gxf5 Nxf5 $6 (13... gxf5 14.
f4 N5g6 (14... N5c6 15. Qh5 $16) (14... Ng4 15. Bf3 $16) 15. Qh5 $16) (13...
exf5 $142 $5 14. f4 Nf7 $13) 14. Nxf5 gxf5 $6 {[%mdl 16384] Mit diesem Zug
schwächt Schwarz von sich aus seine Königsstellung. Die Alternative wäre m.E.
viel besser.} (14... exf5 $142 15. f4 Nf7 (15... Ng4 16. Bf3 Nf6 17. e5 $18)
16. Nd5 Re8 17. Qf3 $36) 15. f4 Ng4 (15... Nf7 16. Qh5 $16) 16. Bf3 {Jetzt
hängt auf g4, eventuell droht auch exf5, oder e5, weil der Läufter gedeckt auf
f3 jetzt gedeckt ist.} Nh6 17. Qe2 $16 (17. e5 Bxf3 18. Qxf3 d6 19. exd6 Qxd6
$132) 17... a6 {Schwarz bereitet Gegenspiel mit b5 vor.} 18. Bd2 b5 19. O-O-O
$40 {[%csl Rg8][%cal Rd1g1,Rg1g8] Der weiße König befindet sich vollkommen in
Siecherheit. Nun droht 20.Rdg1 mit kaum abztuwehrendem Angriff.} bxc4 20. Qg2
$1 {[%csl Rh6][%cal Rh1h6][%mdl 128] Droht 21.Rxh6.} (20. dxc4 $16) 20... Qf6
21. Rdg1 {Droht 22.e5 mit sofortigem Gewinn.} Ng4 (21... fxe4 22. dxe4 $18 {
Droht 23.e5 oder 23.f5 - Schwarz hat keine Verteidigung gegen die vielseitigen
Drohungen.}) 22. dxc4 (22. e5 Bxf3 23. Qxf3 (23. exf6 $2 Bxg2 24. fxg7 Bxh1 25.
gxf8=Q+ Rxf8 26. Rxh1 cxd3 $132) 23... Qf7 24. dxc4 $16) 22... fxe4 {Dieser
Zug verliert sofort, Schwarz hat hier aber schon keine echte
Verteidigungsmöglichkeit mehr.} (22... Qf7 23. Bxg4 fxg4 24. Qxg4 $18 {[%csl
Rg8]}) 23. Bxg4 (23. Bxe4 Bxe4 24. Qxe4 Nf2 (24... Qf5 25. Qg2 $18) 25. Qh7+
Kf7 26. Qh5+ Kg8 27. Rh2 Nd3+ 28. Kb1 $18 {[%cal Rh2g2,Rg1g8]}) 23... e3 24.
Qxb7 exd2+ 25. Kd1 $18 {Weiß hat eine Figur mehr, sein König befindetr sich
auf einem sicheren Feld auf d1.} Qd4 26. Ne2 Rab8 (26... Qd3 27. Bxe6+ $18) 27.
Nxd4 Rxb7 28. Nxe6 $1 (28. Nxe6 dxe6 29. Bxe6+ $18) 1-0

[Event "Dortmund-C"]
[Site "Dortmund"]
[Date "1991.??.??"]
[Round "1"]
[White "Mainka, Romuald"]
[Black "Keitlinghaus, Ludger"]
[Result "1/2-1/2"]
[WhiteElo "2430"]
[BlackElo "2400"]
[Annotator "Ribli,Z"]
[PlyCount "121"]
[EventDate "1991.03.23"]
[EventType "tourn"]
[EventRounds "9"]
[EventCountry "GER"]
[EventCategory "8"]
[SourceTitle "CBM 023"]
[Source "ChessBase"]
[SourceDate "1991.08.01"]
[SourceVersion "1"]
[SourceVersionDate "1991.08.01"]
[SourceQuality "1"]

1. Nf3 e6 2. c4 f5 3. g3 Nf6 4. Bg2 Be7 5. O-O O-O 6. Nc3 (6. b3 $5) 6... d5 7.
d3 Nc6 (7... d4 $5 8. Nb5 Nc6 9. e3 dxe3 10. fxe3 e5 $13 {Steinbacher,
M-Minasjan,A Groningen op 1990 CBM/22}) 8. cxd5 exd5 9. Qb3 (9. Bg5 $1 h6 $6
10. Bxf6 Bxf6 11. Qb3 Ne7 12. e4 Bxc3 13. bxc3 Kh7 14. exd5 Nxd5 15. d4 Be6 16.
c4 Nb6 17. d5 Bg8 18. Rac1 $14 Qf6 19. Rfd1 Rfd8 20. a4 Rab8 21. Qa3 c6 22. a5
Nc8 23. dxc6 Rxd1+ 24. Rxd1 bxc6 25. Qc5 $16 Rb7 26. Ne5 Ne7 27. a6 Rc7 28. f4
g5 29. Rd6 Qg7 30. Kf2 gxf4 31. gxf4 Qf8 32. Rxc6 $1 $18 {1-0 Hertneck,
G-Keitlinghaus,L BL-1990/91}) 9... Kh8 10. Bf4 Nb4 11. Nb5 Na6 12. Rac1 c6 13.
Nbd4 Nc5 14. Qc2 Ne6 15. Be5 Ng4 16. Nxe6 Bxe6 17. Bd4 Bd6 18. Bc5 f4 19. Bxd6
Qxd6 20. Qc5 Qxc5 21. Rxc5 Rae8 22. h3 Nh6 23. g4 Bd7 24. Rc2 Nf7 25. b4 Nd6
26. a4 a5 27. bxa5 Ra8 28. Rc5 Rfe8 29. Nd4 Ra6 30. Rb1 $14 Kg8 31. Rb4 Kf8 32.
Kf1 g5 33. Ke1 h6 34. Kd2 Ke7 35. e3 fxe3+ 36. fxe3 Rea8 37. Nb3 Be6 38. Rd4
Bf7 39. Rc1 Be6 40. Rb1 Bf7 41. Bf3 b6 42. axb6 Rxb6 43. a5 Rb5 44. Ra4 d4 45.
Bd1 dxe3+ 46. Kxe3 Bxb3 47. Rxb3 Re5+ 48. Kd2 Rexa5 49. Rxa5 Rxa5 50. Rb6 c5
51. Ke3 Ra3 52. Rc6 c4 53. Be2 Kd7 54. Rc5 Ke6 55. Kd4 Ra2 56. Re5+ Kf6 57. Rd5
Nf7 58. Bf3 cxd3 59. Rf5+ Kg6 60. Kxd3 Rh2 61. Kd4 1/2-1/2

[Event "Capablanca Memorial-A"]
[Site "Cienfuegos"]
[Date "1991.??.??"]
[Round "5"]
[White "Nogueiras Santiago, Jesus"]
[Black "Borges Matos, Juan R"]
[Result "1-0"]
[WhiteElo "2535"]
[BlackElo "2385"]
[Annotator "Ribli,Z"]
[PlyCount "45"]
[EventDate "1991.??.??"]
[EventType "tourn"]
[EventRounds "13"]
[EventCountry "CUB"]
[EventCategory "10"]
[SourceTitle "CBM 026"]
[Source "ChessBase"]
[SourceDate "1992.02.01"]
[SourceVersion "1"]
[SourceVersionDate "1992.02.01"]
[SourceQuality "1"]

1. c4 f5 2. Nf3 Nf6 3. g3 e6 4. Bg2 d5 5. cxd5 (5. O-O $5 c6 6. d3 Na6 7. Nc3
Bc5 8. a3 O-O 9. Qc2 Be7 10. Bf4 Nh5 11. Be5 $14 {Schlosser,P-Maskolenko,V
Budapest Cansys 1991 EXP/23}) 5... exd5 6. Nc3 c6 7. e3 Bd6 8. O-O O-O 9. b3
Nbd7 10. Bb2 Qe7 11. Ne2 a5 12. a3 Nc5 13. d3 (13. Qc2 Qe4 $1) 13... Ng4 14.
Qc2 Nxe3 15. fxe3 Qxe3+ 16. Kh1 Qxd3 17. Qxd3 Nxd3 18. Bd4 Bd7 (18... Nc5 $5)
19. Rad1 Rae8 20. Nc3 Nc5 (20... Ne5 21. Bxe5 Bxe5 22. Nxd5 $1 cxd5 23. Rxd5
Bc6 24. Nxe5 $18) 21. Nxd5 $1 Ne4 (21... cxd5 22. Bxc5 Bxc5 23. Rxd5 $18) 22.
Nf4 c5 23. Be5 $1 1-0

[Event "RUS-chT 07th"]
[Site "Smolensk"]
[Date "2000.04.18"]
[Round "4"]
[White "Filippov, Valerij"]
[Black "Bondarenko, Vladimir"]
[Result "1-0"]
[WhiteElo "2584"]
[BlackElo "2302"]
[Annotator "Ribli,Z"]
[PlyCount "97"]
[EventDate "2000.04.15"]
[EventType "team-tourn"]
[EventRounds "11"]
[EventCountry "RUS"]
[SourceTitle "CBM 077"]
[Source "ChessBase"]
[SourceDate "2000.07.27"]
[SourceVersion "1"]
[SourceVersionDate "2000.07.27"]
[SourceQuality "1"]
[WhiteTeam "Tomsk 400"]
[BlackTeam "Moscow M. Saulin PRSFI"]
[WhiteTeamCountry "RUS"]
[BlackTeamCountry "RUS"]

1. Nf3 f5 2. c4 Nf6 3. g3 e6 {Die Alternative wäre 3...g6 nebst 4...Bg7.} 4.
Bg2 Be7 5. O-O O-O 6. Nc3 a5 $6 {Dieser Zug ist nicht die beste Fortsetzung
für Schwarz. Ich glaube, er sollte zuerst im Zentrum spielen.} (6... d6 7. d3 (
7. d4 {-> A96}) 7... c5 (7... Qe8 8. b4 Qh5 9. e3 e5 10. Nd2 $1 $14 {Bern,
I-Kacheishvili,G/Gausdal Troll/1992/EXP28/}) (7... c6 8. e4 e5 9. c5 Na6 10.
cxd6 Bxd6 11. exf5 Bxf5 12. d4 $14 {1-0 Stanec,N-Weinzettl,E/Fürstenfeld 2000 
(62)}) 8. a3 Nc6 9. Rb1 a5 10. d4 $1 Ne4 11. d5 Nxc3 12. bxc3 exd5 13. cxd5 $14
{Ribli. 1-0 Zvjaginsev,V-Comas Fabrego,L/Pamplona 1995/CBM 46/[Ribli] (24)}) (
6... d5 7. d3 $5 Kh8 $6 8. e4 $1 d4 9. Ne2 fxe4 10. dxe4 c5 11. e5 Ne8 12. Nf4
Nc6 13. h4 $16 {Stohl,I-Keitlinhaus,L/Prague Chip/ 1992/CBM27/INF53,08/}) 7. d3
(7. d4) 7... d6 8. e4 fxe4 (8... e5 9. exf5 Bxf5 10. d4 exd4 11. Nxd4 Bc8 {
Dieser Zug ist überhaupt nicht schön, aber es bleibt Schwarz keine andere Wahl.
} 12. h3 Na6 13. Bf4 Nc5 14. Re1 Kh8 15. Qd2 c6 16. Rad1 Ne8 17. Be3 Bf6 18.
Kh2 Bd7 19. Nb3 Ne6 20. Na4 Ra6 21. Nbc5 {1-0 Nogueiras,J-Dezaele,C/Benasque
1996/CBM 53 ext (21)}) 9. dxe4 e5 10. c5 $1 $14 {[%mdl 32] Weiß startet sofort
aktives Spiel im Zentrum - später kann er sich eventuell mit cxd6 die bessere
Bauernstruktur verschaffen.} Qe8 (10... Be6 11. Qe2 Nc6 12. Rd1 $14) 11. Bg5 $1
{Nach diesem Zug muss Schwarz mit 12.Bxf6 und 13.Nd5 rechnen.} (11. Nd5 Nxd5
12. Qxd5+ Kh8) 11... dxc5 (11... Nbd7 $2 12. Nb5 $16) 12. Nxe5 {Weiß hat
positionellen Vorteil - seine Bauernstruktur ist viel besser.} a4 (12... Be6
13. Nd3 $14 (13. f4 $14)) 13. Nd3 (13. Nd5 $5 $14) 13... a3 14. b3 {Weiß hat
keine Angst vor dem Pa3 - und das ganz zu Recht, denn der Pa3 alleine bringt
Schwarz nichts am Damenflügel.} (14. bxa3 Rxa3 15. Qc1 Ra5 16. e5 $14) (14.
Qb3+ Qf7 15. Ne5 Qxb3 16. axb3 a2 17. Rxa2 Rxa2 18. Nxa2 Be6 19. Nc1 $14) 14...
Bg4 15. Qd2 Nc6 16. e5 {Weiß hat vier Bauern gegen zwei am Königsflügel. Da
ist es nur logisch, dass er diese Mehrheit mobilisiert.} Nd7 17. Bxe7 Qxe7 18.
f4 {[%csl Ge5,Gf4,Gg3,Gh2] Weiß hat eine sehr starke Bauernkette - h2,g3,f4,e5
- für Schwarz ist es hingegen nicht leicht Gegenspiel zu finden.} Nb6 (18...
Rad8 19. Bxc6 (19. Nd5 Qf7 20. Ne3 $16 (20. Nxc7 Nb6 {[%cal Gd8d2]} 21. Nb5 c4
$132)) 19... bxc6 20. Ne4 $16) 19. Nd5 Nxd5 (19... Qf7 20. Ne3 $16 (20. Nxc5 $6
Rad8 $132)) 20. Bxd5+ Kh8 21. Bxc6 bxc6 22. Qc3 $16 {[%csl Rc5,Rc6,Rc7] Nach
Vereinfachungen hat Weiß enormen positionellen Vorteil erreicht. Der schwarze
Tripelbauer auf der c-Linie ist sehr schwach, und Weiß kann sich einer
gesunden Stellung ohne Schwächen erfreuen.} Rad8 (22... Be2 23. Rfe1 (23. Nxc5
$5 Bxf1 24. Rxf1 $44) 23... Bxd3 24. Qxd3 $16) 23. Nxc5 Rd5 24. b4 (24. Ne4 $16
) 24... Bh3 {Schwarz hat keine ausreichende Kompensation für den Bauern,
sondern nur etwas Gegenspiel dank des starken weißfeldrigen Läufers.} 25. Rf2 (
25. Rfd1 Qd8 26. Qf3 $16) 25... Rfd8 {[%cal Rd5d1,Rd1g1]} 26. Re1 Rd1 27. Rfe2
{Weiß kann seine Stellung leicht verteidigen.} h6 (27... Bg4 28. Re3 $16) 28.
Kf2 R8d4 (28... R1d4 29. Qxa3 $18) 29. Rxd1 Rxd1 30. Rd2 Rxd2+ 31. Qxd2 {
[%mdl 4096] Durch weitere Vereinfachungen erreicht Weiß praktisch eine
Gewinnstellung. Sein Nc5 steht sicher und gut, zudem besitzt er einen gesunden
Mehrbauern.} Qf7 {[%cal Gf7a2]} 32. Kf3 (32. Qd8+ $5 Kh7 33. Qd3+ Qf5 34. Qxa3
Qc2+ 35. Ke1 Qxh2 36. Qd3+ Kg8 37. a4 $18) 32... Bf5 {[%cal Gf5b1,Gb1a2]} 33.
g4 Bb1 34. e6 Qf6 35. f5 Qh4 (35... h5 36. h3) 36. Qe2 h5 {Das schwarze
Gegenspiel am Königsflügel kommt zu spät.} 37. h3 $1 {Am Einfachsten! Weiß
gibt den Bauern zurück und erhält dafür eine klare Gewinnstellung.} Qxh3+ 38.
Kf4 hxg4 39. e7 $18 {[%csl Ge7] Der weiße e-Bauer entscheidet die Partie.
Schwarz kann noch ein paar Schachs geben, aber das ist auch alles.} Qh6+ 40.
Kxg4 Bxf5+ 41. Kxf5 Qf6+ 42. Kg4 (42. Ke4 $6 Qxe7+ 43. Kd3 $18) 42... Qg6+ 43.
Kh3 Qh6+ 44. Kg2 Qg5+ 45. Kf1 {Der weiße König strebt an den Damenflügel.} Qf6+
46. Ke1 Qa1+ 47. Kd2 Qxa2+ {Der Pa2 ist bedeutungslos.} 48. Kd3 Qb1+ (48...
Qd5+ 49. Kc3 $18) 49. Kc4 (49. Kc4 Qc1+ 50. Kb3 Qb1+ 51. Ka4 $18) 1-0